000 00517nam a2200193Ia 4500
005 20260429112115.0
008 260429s9999||||xx |||||||||||||| ||und||
020 _a9781032988238
041 _aEnglish
082 _a513.5
_bKAY
100 _aKay, Anthony
245 0 _aNumber systems :
_ba path into rigorous mathematics /
_cAnthony Kay
250 _a2nd ed.
260 _aBoca Raton :
_bCRC Press,
_c2026.
300 _axiii, 368 p.; pbk
650 _a Mathematics
650 _aNumber systems
942 _cTB
999 _c52391
_d52391